All 5k+ cities in South Dakota on a map - Statistics

General Stats
  • This quiz has been taken 5 times
  • The average score is 13 of 18
Answers on the Map
Answers color-coded by a green-red scale on the quiz's map according to % correct below.
 
Answer Stats
City Population % Correct
Aberdeen 28,495
100%
Pierre 14,091
100%
Rapid City 74,703
100%
Sioux Falls 192,517
100%
Box Elder 11,746
75%
Brandon 11,048
75%
Brookings 23,377
75%
Huron 14,263
75%
Mitchell 15,660
75%
Spearfish 12,193
75%
Sturgis 7,020
75%
Vermillion 11,695
75%
Watertown 22,655
75%
Yankton 15,411
75%
Tea 5,598
50%
Belle Fourche 5,617
25%
Madison 6,191
25%
Harrisburg 6,732
0%
No matching quizzes found
Score Distribution
Percent of People with Each Score
Percentile by Number Answered
Your Score History
You have not taken this quiz